<?xml version="1.0" encoding="UTF-8"?>
<record
    xmlns:xsi="http://www.w3.org/2001/XMLSchema-instance"
    xsi:schemaLocation="http://www.loc.gov/MARC21/slim http://www.loc.gov/standards/marcxml/schema/MARC21slim.xsd"
    xmlns="http://www.loc.gov/MARC21/slim">

  <leader>01032nam a2200277 a 4500</leader>
  <controlfield tag="003">OSt</controlfield>
  <controlfield tag="005">20240919133433.0</controlfield>
  <controlfield tag="008">240410s2013    mx a|||| |||| 001 0 spa d</controlfield>
  <datafield tag="040" ind1=" " ind2=" ">
    <subfield code="c">CHAP</subfield>
    <subfield code="e">rda</subfield>
  </datafield>
  <datafield tag="082" ind1="0" ind2="0">
    <subfield code="2">22 </subfield>
    <subfield code="a">633.5</subfield>
    <subfield code="b">C96</subfield>
  </datafield>
  <datafield tag="245" ind1="1" ind2="3">
    <subfield code="a">El cultivo del maguey pulquero /</subfield>
    <subfield code="c">por Ra&#xFA;l Nieto Angel ...[y otros tres].</subfield>
  </datafield>
  <datafield tag="250" ind1=" " ind2=" ">
    <subfield code="a">Primera edici&#xF3;n</subfield>
  </datafield>
  <datafield tag="264" ind1=" " ind2="1">
    <subfield code="a">Chapingo, M&#xE9;x. :</subfield>
    <subfield code="b">Secretaria de Desarrollo Agropecuario del Estado de M&#xE9;xico ;</subfield>
    <subfield code="b">UACH. Departamento de Fitotecnia,</subfield>
    <subfield code="c">2013.</subfield>
  </datafield>
  <datafield tag="300" ind1=" " ind2=" ">
    <subfield code="a">93 p&#xE1;ginas:</subfield>
    <subfield code="b">ilustraciones.</subfield>
  </datafield>
  <datafield tag="336" ind1=" " ind2=" ">
    <subfield code="2">rdacontent</subfield>
    <subfield code="a">texto</subfield>
    <subfield code="b">txt</subfield>
  </datafield>
  <datafield tag="337" ind1=" " ind2=" ">
    <subfield code="2">rdamedia</subfield>
    <subfield code="a">sin medio</subfield>
    <subfield code="b">n</subfield>
  </datafield>
  <datafield tag="338" ind1=" " ind2=" ">
    <subfield code="2">rdacarrier</subfield>
    <subfield code="a">volumen</subfield>
    <subfield code="b">nc</subfield>
  </datafield>
  <datafield tag="504" ind1=" " ind2=" ">
    <subfield code="a">Incluye referencias bibliogr&#xE1;ficas p&#xE1;ginas : 92.



:</subfield>
  </datafield>
  <datafield tag="650" ind1=" " ind2="4">
    <subfield code="9">188932</subfield>
    <subfield code="a">Agave salmiana</subfield>
    <subfield code="x">Cultivo</subfield>
  </datafield>
  <datafield tag="650" ind1=" " ind2="4">
    <subfield code="9">133699</subfield>
    <subfield code="a">Agave salmiana</subfield>
    <subfield code="x">Subproductos</subfield>
  </datafield>
  <datafield tag="650" ind1=" " ind2="4">
    <subfield code="9">93016</subfield>
    <subfield code="a">Pulque</subfield>
    <subfield code="x">Procesado</subfield>
  </datafield>
  <datafield tag="650" ind1=" " ind2="4">
    <subfield code="9">188933</subfield>
    <subfield code="a">Agave salmiana</subfield>
    <subfield code="x">Enfermedades</subfield>
    <subfield code="x">Control</subfield>
  </datafield>
  <datafield tag="650" ind1=" " ind2="4">
    <subfield code="9">188598</subfield>
    <subfield code="a">Agave salmiana</subfield>
    <subfield code="x">Plagas</subfield>
  </datafield>
  <datafield tag="700" ind1="1" ind2=" ">
    <subfield code="a">Nieto &#xC1;ngel, Ra&#xFA;l</subfield>
    <subfield code="9">81253</subfield>
  </datafield>
  <datafield tag="942" ind1=" " ind2=" ">
    <subfield code="2">ddc</subfield>
    <subfield code="c">LIBRO</subfield>
  </datafield>
  <datafield tag="999" ind1=" " ind2=" ">
    <subfield code="c">219844</subfield>
    <subfield code="d">219844</subfield>
  </datafield>
  <datafield tag="952" ind1=" " ind2=" ">
    <subfield code="0">0</subfield>
    <subfield code="1">0</subfield>
    <subfield code="2">ddc</subfield>
    <subfield code="4">0</subfield>
    <subfield code="5">1</subfield>
    <subfield code="7">0</subfield>
    <subfield code="8">UACH</subfield>
    <subfield code="a">BC</subfield>
    <subfield code="b">BC</subfield>
    <subfield code="c">PA_UACH</subfield>
    <subfield code="d">2024-04-10</subfield>
    <subfield code="l">0</subfield>
    <subfield code="o">633.5 C968</subfield>
    <subfield code="p">33724002585551</subfield>
    <subfield code="r">2024-04-10 00:00:00</subfield>
    <subfield code="w">2024-04-10</subfield>
    <subfield code="y">LIBRO</subfield>
  </datafield>
</record>
